000 00305nam a22001337a 4500
008 170809b xxu||||| |||| 00| 0 eng d
020 _a9780321199508
041 _aeng
080 _a004
100 _a35
101 _aSHK
245 _aSOFTWARE DEVELOPMENT FOR SMALL TEAMS
_cPOLLICE,G
942 _2udc
_cBK
999 _c22928
_d22928